Language Quiz

Random Language or Letter Quiz

5 Letter Word by Pattern Quiz Stats

 Plays Quiz Updated Jul 5, 2012

Challenge
Share
Tweet
Embed
Score 0/60 Timer 08:00
0 Plays Today
Hint Word % Correct
_ Q _ _ LEQUAL
79.7%
P _ Z _ _PIZZA
61.9%
Q _ _ _ RQUEER
58.9%
_ Q _ _ PEQUIP
58.4%
_ T L _ _ATLAS
55.9%
E J _ _ _EJECT
53.7%
K _ Z _ _KAZOO
52.7%
_ W F _ _AWFUL
52.7%
Y _ _ _ GYOUNG
51.3%
_ G _ _ NAGAIN
49%
_ _ _ B TDOUBT
48%
_ X _ S _EXIST
47.7%
_ W _ _ MSWARM
46.4%
_ B _ V _ABOVE
46.4%
_ _ Y _ KKAYAK
46%
_ W _ F _SWIFT
44.6%
_ B H _ _ABHOR
44.6%
_ Q _ _ TSQUAT
43.6%
_ M C _ _EMCEE
43.4%
E E _ _ _EERIE
43%
_ V _ C _EVICT
39.9%
P _ _ _ BPLUMB
38.3%
_ _ X _ CTOXIC
38%
E _ J _ _ENJOY
37.2%
_ B _ U _ABOUT
36.3%
_ F _ _ NOFTEN
36.1%
_ _ _ L FSHELF
35.7%
W _ _ _ WWIDOW
35.1%
B _ _ J _BANJO
32.3%
_ G _ L _AGILE
30.3%
Hint Word % Correct
_ C C _ _OCCUR
28.9%
L _ _ _ XLATEX
28.8%
N _ F _ _NIFTY
27.8%
_ C _ _ WSCREW
27.6%
_ _ G B _RUGBY
26.7%
_ _ _ W DCROWD
24.8%
E _ _ H _EIGHT
24.6%
N _ _ J _NINJA
24.6%
_ _ F _ HFIFTH
21.5%
_ U V _ _DUVET
21%
_ R K _ _IRKED
20.6%
_ W _ C _TWICE
20.5%
I _ _ H _ITCHY
20.4%
B _ _ _ BBLURB
20.1%
_ _ X _ HSIXTH
20.1%
V _ _ Y _VINYL
19.3%
_ _ J _ RMAJOR
18.3%
V _ _ K _VODKA
17.8%
U _ _ F _UNIFY
17.1%
_ _ G S _ANGST
16.9%
K _ _ _ ZKLUTZ
15.9%
K _ _ M _KARMA
15.8%
_ _ P _ HDEPTH
14.7%
T _ _ _ FTHIEF
13.7%
_ Y G _ _PYGMY
13.3%
_ P _ _ COPTIC
13%
_ _ D T _WIDTH
9.6%
_ _ L _ ZWALTZ
9.3%
E _ _ _ CETHIC
7.7%
_ S _ C _PSYCH
5.8%

You're not logged in!

Compare scores with friends on all Sporcle quizzes.
Join for Free
OR
Log In

You Might Also Like...

Show Comments

Extras

Top Quizzes Today


Score Distribution

Your Account Isn't Verified!

In order to create a playlist on Sporcle, you need to verify the email address you used during registration. Go to your Sporcle Settings to finish the process.

Report this User

Report this user for behavior that violates our Community Guidelines.

Details: